German Vocabulary "G" - Statistics

General Stats
  • This quiz has been taken 333 times
  • The average score is 13 of 20
Answer Stats
German English % Correct
Garten garden
95%
Gitarre guitar
92%
Grammatik grammar
90%
Großbritannien Great Britain
90%
gelb yellow
86%
gestern yesterday
83%
Geburt birth
77%
Gast guest
76%
Gesicht face
68%
Gabel fork
57%
Gans goose
56%
Gift poison
56%
gratulieren congratulate
55%
Gespenst ghost
55%
Geheimnis secret
53%
Gesellschaft society
49%
Geige violin
46%
gemütlich cozy
42%
Gewalt violence
38%
Gewürz spice
35%
No matching quizzes found
Score Distribution
Percent of People with Each Score
Percentile by Number Answered
Your Score History
You have not taken this quiz